000 00369 a2200169 4500
001 69252
020 _a8532259324
040 _cAnchieta - Itaigara
100 _aCarraro, Fernando
240 1 0 _aAmigos da Amazônia
_lpor
245 1 0 _aAmigos da Amazônia
300 _a32
362 0 _a2006
440 1 _aFTD
650 4 _aLiteratura infanto-juvenil
942 _cBK
999 _c69252
_d69252